000 00702nam a2200289Ia 4500
005 20260324111659.0
008 008 260324s9999 xx 000 0 eng d
020 _a9781003539896
037 _aEBOOK
040 _aCRL
040 _beng
040 _cCRL
041 _2eng
041 _aeng
084 _qCRL
100 _aDilek Başar; Selcen Öztürk
_91139565
245 0 _aTransforming Health in Turkey
245 3 _bAn Evaluation of Two Decades of Reform
260 _bTaylor and Francis
260 _c2025
365 _a
365 _b220
856 _uhttp://www.taylorfrancis.com/books/9781003539896
942 _cEBOOK
999 _c1728468
_d1728468